| 000 | 01311nam a2200313Ia 4500 | ||
|---|---|---|---|
| 001 | ebr10632073 | ||
| 003 | CaPaEBR | ||
| 006 | m u | ||
| 007 | cr cn||||||||| | ||
| 008 | 090612s2009 xnaab sb 001 0 eng d | ||
| 020 | _z1877058661 (pbk.) | ||
| 020 | _z9781877058660 (pbk.) | ||
| 020 | _z9781922013446 (ebook) | ||
| 040 |
_aCaPaEBR _cCaPaEBR |
||
| 035 | _a(OCoLC)821216843 | ||
| 050 | 1 | 4 |
_aG850 1955 _b.S74 2009eb |
| 100 | 1 | _aStephenson, Jon. | |
| 245 | 1 | 0 |
_aCrevasse roulette _h[electronic resource] : _bthe first trans-Antarctic crossing, 1957-58 / _cJon Stephenson. |
| 260 |
_aDural, N.S.W. : _bRosenberg, _c2009. |
||
| 300 |
_a192 p. : _bill. (chiefly col.), maps (some col.) |
||
| 504 | _aIncludes bibliographical references and index. | ||
| 533 |
_aElectronic reproduction. _bPalo Alto, Calif. : _cebrary, _d2013. _nAvailable via World Wide Web. _nAccess may be limited to ebrary affiliated libraries. |
||
| 611 | 2 | 0 |
_aTrans-Antarctic Expedition _d(1955-1958) |
| 650 | 0 |
_aScientific expeditions _zAntarctica _xHistory. |
|
| 651 | 0 |
_aAntarctica _xDiscovery and exploration _xBritish. |
|
| 655 | 7 |
_aElectronic books. _2local |
|
| 710 | 2 | _aebrary, Inc. | |
| 856 | 4 | 0 |
_uhttp://site.ebrary.com/lib/rucke/Doc?id=10632073 _zAn electronic book accessible through the World Wide Web; click to view |
| 999 |
_c52291 _d52291 |
||